| 000 | 00945cam a2200301 4500 | ||
|---|---|---|---|
| 008 | 090401t1986 xxu||||| |||| 00| 0 eng d | ||
| 020 | _a0851397891 | ||
| 035 | _a(Sirsi) u19737 | ||
| 041 | _aeng | ||
| 050 | _a692.8 | ||
| 100 | _aPowell-Smith, Vincent | ||
| 245 | _aBuilding contracts compared and tabulated | ||
| 260 |
_aLondon _bArchitectural Press _c1986 |
||
| 300 | _a286p. ; 30cm. | ||
| 350 | _a39.5 | ||
| 490 |
_aArchitectural Press Legal Guides _v6 |
||
| 650 | _aACA FORM OF BUILDING AGREEMENT | ||
| 650 | _aASSOCIATION OF CONSULTANT ARCHITECTS | ||
| 650 | _aGC WORKS 1 | ||
| 650 | _aGOVERNMENT CONDITIONS OF CONTRACT | ||
| 650 | _aJCT FIXED FEE FORM OF CONTRACT 1976 | ||
| 650 | _aJCT INTERMEDIATE FORM OF BUILDING CONTRACT (1984 EDITION) | ||
| 650 | _aJCT MINOR WORKS AGREEMENT (1980 EDITION) | ||
| 650 | _aJCT STANDARD FORM OF CONTRACT 1980 | ||
| 700 | _aChappell, David | ||
| 942 | _n0 | ||
| 948 | _c04/03/1997 | ||
| 999 |
_c87704 _d87704 |
||